• 首页
  • 本馆介绍
  • 公告通知
  • 最新文献
  • 馆藏检索
  • 电子资源
  • 读者导购
  • 参考咨询
  • 我的图书馆
  • 登录
  • 详细信息显示
  • 放入我的书架
  • 预约/预借图书
  • 作者相关作品
  • 分类相关作品
  • 丛书相关作品
  • 出版社相关作品

书目信息

  • 表格格式
  • 工作单格式
  • 卡片格式
题名:
典型农区村域人地系统定量研究
    
 
作者: 乔家君 著
分册:  
出版信息: 北京   科学出版社  2005
页数: 195页
开本: 24cm
丛书名:
单 册:
中图分类: F323.2
科图分类:
主题词: 农村--区域经济学--研究 , 农村--经济地理学--研究 , 农村--人文地理学--研究 , 农村 , 区域经济学 , 经济地理学 , 人文地理学
电子资源:
ISBN: 7-03-015768-0
000 01306nam0 2200325 450
001 002958326
005 20070805081612.29
010    @a7-03-015768-0@dCNY29.00
035    @a002958326
100    @a20050628d2005 em y0chiy0110 ea
101 0  @achi
102    @aCN@b110000
105    @aa z 000yy
106    @ar
200 1  @a典型农区村域人地系统定量研究@Adian xing nong qu cun yu ren di xi tong ding liang yan jiu@e河南省三个不同类型村的实证分析@Ehe nan sheng san ge bu tong lei xing cun de shi zheng fen xi@f乔家君著@Fqiao jia jun zhu
210    @a北京@c科学出版社@d2005
215    @a195页@c图@d24cm
300    @a河南大学黄河文明与可持续发展研究中心,河南大学研究生院学科点建设项目,河南省普通高等院校人文社会科学重点研究基地,河南省人文地理学重点学科建设基金,河南省高等学校青年骨干教师资助计划联合资助
330    @a本书运用地理学、物理学、生态学、系统科学等学科理论与技术方法,根据实地调查的大量农户数据,从微观视角对村域人地系统进行了定量分析。
606 0  @a农村@x区域经济学@x研究
606 0  @a农村@x经济地理学@x研究
606 0  @a农村@x人文地理学@x研究
606 0  @a农村
606 0  @a区域经济学
606 0  @a经济地理学
606 0  @a人文地理学
690    @aF323.2@v4
701  0 @a乔家君@Aqiao jia jun@f(1973.10~)@4著
801  0 @aCN@bNLC@c20070805
905    @dF323.2@e91@f4
    
    典型农区村域人地系统定量研究:河南省三个不同类型村的实证分析/乔家君著.-北京:科学出版社,2005
    195页:图;24cm
    河南大学黄河文明与可持续发展研究中心,河南大学研究生院学科点建设项目,河南省普通高等院校人文社会科学重点研究基地,河南省人文地理学重点学科建设基金,河南省高等学校青年骨干教师资助计划联合资助
    
    ISBN 7-03-015768-0:CNY29.00
    本书运用地理学、物理学、生态学、系统科学等学科理论与技术方法,根据实地调查的大量农户数据,从微观视角对村域人地系统进行了定量分析。
●
相关链接 在E读中查询图书 在五车中查询图书 在当当中查询图书 在豆瓣中查询图书


正题名:典型农区村域人地系统定量研究     索取号:F323.2/91         预约/预借

序号 登录号 条形码 馆藏地/架位号 状态 备注
1 0851751   208517513   第一样本阅览室/ [索取号:F323.2/91] 在馆    
2 0851752   208517522   第一借阅区/ [索取号:F323.2/91] 在馆    
3 0851753   208517531   第一借阅区/ [索取号:F323.2/91] 在馆    
4 0851754   208517540   第一借阅区/ [索取号:F323.2/91] 在馆    
唐山师范学院图书馆 欢迎您!
大连网信软件有限公司© 版权所有